[Event "FICGS theme 0002 email"]
[Site "FICGS email"]
[Date "2021.08.29"]
[Round "1"]
[White "Rolon, Maximiliano"]
[Black "Brand Lyard, Paul"]
[Result "0-1"]
[WhiteElo "1835"]
[BlackElo "1777"]
[PlyCount "26"]
[EventDate "2021.??.??"]
[EventType "swiss (corr)"]
[EventRounds "1"]
[SourceTitle "Corr 2024"]
[Source "ChessBase"]
[SourceDate "2023.10.19"]
[SourceVersion "1"]
[SourceVersionDate "2023.10.19"]
[SourceQuality "1"]

1. d4 Nf6 2. c4 e6 3. Nf3 b6 4. a3 Bb7 5. Nc3 d5 6. cxd5 Nxd5 7. Qc2 Nxc3 8. Qxc3 Bxf3 9. gxf3 Bd6 10. Rg1 g6 11. d5 Bxh2 12. Qxh8+ Ke7 13. Bg5+ Kd6 0-1

[Event "FICGS class C 000295 email"]
[Site "FICGS email"]
[Date "2021.08.18"]
[Round "1"]
[White "Laduke, Matt"]
[Black "Rolon, Maximiliano"]
[Result "1-0"]
[WhiteElo "1941"]
[BlackElo "1835"]
[PlyCount "23"]
[EventDate "2021.??.??"]
[EventType "tourn (corr)"]
[EventRounds "4"]
[SourceTitle "Corr 2024"]
[Source "ChessBase"]
[SourceDate "2023.10.19"]
[SourceVersion "1"]
[SourceVersionDate "2023.10.19"]
[SourceQuality "1"]

1. e4 c5 2. Nf3 Nc6 3. Bb5 g6 4. 0-0 Bg7 5. Bxc6 bxc6 6. Re1 Qc7 7. d3 e5 8. c3 Nf6 9. d4 cxd4 10. cxd4 exd4 11. Qxd4 0-0 12. Nc3 1-0

[Event "FICGS class C 000295 email"]
[Site "FICGS email"]
[Date "2021.08.18"]
[Round "1"]
[White "Rolon, Maximiliano"]
[Black "Swiatek, Janusz"]
[Result "0-1"]
[WhiteElo "1835"]
[BlackElo "1954"]
[PlyCount "34"]
[EventDate "2021.??.??"]
[EventType "tourn (corr)"]
[EventRounds "4"]
[SourceTitle "Corr 2024"]
[Source "ChessBase"]
[SourceDate "2023.10.19"]
[SourceVersion "1"]
[SourceVersionDate "2023.10.19"]
[SourceQuality "1"]

1. e4 e5 2. Nf3 Nc6 3. d4 exd4 4. Nxd4 Nf6 5. Nxc6 bxc6 6. e5 Qe7 7. Qe2 Nd5 8. c4 Nb6 9. Nc3 Ba6 10. Qe4 Qe6 11. b3 0-0-0 12. Be2 Re8 13. f4 f5 14. Qc2 Bc5 15. Bb2 Be3 16. Bc1 Bd4 17. Qd3 c5 0-1

[Event "FICGS class C 000295 email"]
[Site "FICGS email"]
[Date "2021.08.18"]
[Round "1"]
[White "Vollmer, Steve"]
[Black "Rolon, Maximiliano"]
[Result "1-0"]
[WhiteElo "1746"]
[BlackElo "1835"]
[PlyCount "49"]
[EventDate "2021.??.??"]
[EventType "tourn (corr)"]
[EventRounds "4"]
[SourceTitle "Corr 2024"]
[Source "ChessBase"]
[SourceDate "2023.10.19"]
[SourceVersion "1"]
[SourceVersionDate "2023.10.19"]
[SourceQuality "1"]

1. d4 Nf6 2. c4 e6 3. Nf3 b6 4. g3 Bb7 5. Bg2 Be7 6. 0-0 0-0 7. Nc3 Ne4 8. Qc2 Nxc3 9. Qxc3 c5 10. Be3 d6 11. Rfd1 Nd7 12. Rac1 Rc8 13. d5 e5 14. Qd3 f5 15. Qb3 Qe8 16. Bg5 e4 17. Bxe7 Qxe7 18. Nd2 Rce8 19. Rc3 Bc8 20. a4 Ne5 21. f3 exf3 22. exf3 f4 23. g4 h5 24. h3 Qh4 25. Qc2 1-0